=LDR 00000nam 2200000 4500 =001 INLIS000000000039746 =005 20140522133056.0 =006 =007 =008 ind =035 ##$$a 0010-061300000039746 =041 ##$$a ind =082 ##$$a 634 =090 ##$$a 634, Sam p.1 =100 ##$$a DAMAYANTI, Astri =245 ##$$a Panen buah segar dari pot, [Cara mudah bertanam 17 pohon buah dalam pot], Astri damayanti =260 ##$$a 2011 $b Yogyakarta =300 ##$$a 98 Hlm, Ilus, 21 cm =650 ##$$a TANAMAN BUAH =850 ##$$a NBPNMAT =990 ##$$a 0001/BPAP-NTB/20142014 =990 ##$$a 0001/BPAP-NTB/20142014 =990 ##$$a 0001/BPAP-NTB/20142014